Đang tải...

Kaavi niramulla plague/

Chi tiết về thư mục
Tác giả chính: Anil Kumar A V
Định dạng: Printed Book
Được phát hành: Thiruvananthapuram: Mythri Books, 1997.
Những chủ đề:
LEADER 00671nam a22001691a 4500
999 |c 22155  |d 22155 
082 |a M4  |b ANI/K 
100 |a Anil Kumar A V 
245 |a Kaavi niramulla plague/  |c by Anil Kumar A V. 
260 |a Thiruvananthapuram:  |b Mythri Books,  |c 1997. 
300 |a 112p. 
650 |a Essays Malayalam 
650 |a Literature Malayalam 
650 |a Literature 
942 |c BK 
952 |0 0  |1 0  |4 0  |6 M_4_000000000000000_ANI_K  |7 0  |9 31095  |a SSUS  |b SSUS  |d 2015-01-08  |g 40.00  |l 1  |o M4 ANI/K  |p 033055  |r 2018-04-27  |s 2018-04-19  |v 0.00  |w 2015-01-08  |y BK 
952 |0 0  |1 0  |4 0  |6 M_4_000000000000000_ANI_K  |7 0  |9 31096  |a SSUS  |b SSUS  |d 2015-01-08  |g 55.00  |o M4 ANI/K  |p 047080  |r 2015-01-08  |v 0.00  |w 2015-01-08  |y BK